| 000 | 00486cam a2200193ua 4500 | ||
|---|---|---|---|
| 001 | 10418 | ||
| 005 | 20260515114624.0 | ||
| 008 | 190130n ii |||gr||||Z||||||eng | ||
| 020 | _a9789386179890 | ||
| 040 | _cMAIN | ||
| 041 | _aeng | ||
| 082 | _a030 | ||
| 245 |
_aPathfinder NDA / NA _bNational Defence Academy and Naval Academy Entrance Examination |
||
| 260 |
_aMeerut: _bArihant. |
||
| 300 | _a1086+16p. | ||
| 653 | _aGeneral encyclopedic works | ||
| 653 | _aMAIN | ||
| 942 | _cBK | ||
| 999 |
_c9397 _d9397 |
||